|
|
|
|
| LEADER |
00000nam a2200000 a 4500 |
| 001 |
UCV9261 |
| 003 |
CL-VaPUC |
| 008 |
920723e19760000SP |||||||||||||||||spa|d |
| 082 |
0 |
4 |
|a 861
|b ALB
|2 21
|
| 245 |
1 |
0 |
|a Alberti
|
| 300 |
|
|
|a 146 p
|
| 942 |
|
|
|c BK
|
| 945 |
|
|
|d 19920723 00:00:00
|
| 260 |
|
|
|a Málaga
|b Litoral
|c 1976
|
| 600 |
|
0 |
|a Alberti, Rafael
|e autor
|9 267868
|
| 650 |
|
0 |
|a Poesías españolas
|9 265100
|
| 583 |
|
|
|a last modification
|c 19920723 00:00:00
|k Rodrigo Vera
|
| 999 |
|
|
|c 214627
|d 214625
|
| 952 |
|
|
|0 0
|1 0
|4 0
|6 861_000000000000000_ALB_1976
|7 0
|8 P
|9 198202
|a BIBARQ
|b BIBARQ
|d 2019-11-14
|i 2657430
|o 861 ALB 1976
|p 2657430
|r 2025-01-20
|w 2019-11-14
|y BK
|k ARQ
|